1876 1920 1801 1957 1491 1786 1612 1806 1798 1840 1451 1403 1357 1224 1993 1946 1819 1723 1393 1044 1184 1231 1689 1036 1612 1888 1923 1928 1293 1724 1367 1153 1534 1805 1555 1812 1681 1537 1080 1856 1449 1755 1032 1650 1835 1611 1044 1387 1641 1506 1042 1936 1361 1092 1045 1133 1691 1865 1570 1049 1890 1606 1425 1512 1186 1262 1335 1952 1670 1137 1991 1209 1158 1404 1590 1132 1113 1414 1733 1605 1944 1147 1064 1977 1142 1450 1384 1814 1734 1271 1672 1804 1142 1324 1143 1795 1795 1367 1040 BCNSPRNW ULIB Ver.6.0+V

เปลี่ยนเป็นภาษาไทย

Change to English
 แสดงรายละเอียดบรรณานุกรม
  กลับหน้าหลัก

Brief Record : Get Marc (ISO 2709) : E-mail record : QR code < ปิดหน้าต่าง
LEADER : 00000nam 2200000uu 4500
001    13399124663
003     ULIB
008    151119s2011||||th 000 0 tha d
020    ^a1845283678 (paperback) ^c^12.99
020    ^a9781845283674 (paperback)
050  0 H62^bD272i
100 1  ^aDawson, Dr Catherine.
245 10 ^aIntroduction to research methods : ^ba practical guide for anyone undertaking a research project / ^cDr Catherine Dawson.
250    ^a4th ed.
260    ^a[S.l.] : ^bHow to Books, ^c2011.
300    ^a166 p. ; ^c24 cm.
520    ^aThis practical, down-to-earth guide is for researchers, students, community groups, charities or employees - in fact anyone who needs to put together research projects quickly and effectively. It contains everything from developing your idea into a proposal, through to analysing data and reporting results. Whether you have to undertake a project as part of your coursework, or as part of your employment, or simply because you are fascinated by something you have observed and want to find out more, this book offers you advice on how to turn your ideas into a workable project. Specifically it will show you how to: - choose your research methods - choose your participants - prepare a research proposal - construct questionnaires - conduct interviews and focus groups - analyse your data - report your findings - be an ethical researcher.
650  0 Social sciences--Research.
650  0 Social sciences--Methodology.
945    ^p0^l0^i000206
999    ^aเกษร โพธิ์สุวรรณ
รายการนี้ยังไม่มีแท็ก
คุณยังไม่ได้ล็อกอิน คุณสามารถมีกิจกรรมร่วมกับเว็บไซต์ได้ แต่ต้องล็อกอินก่อน ::
  ล็อกอิน

รายการสื่อสารสนเทศ

ลำดับที่ ประเภท เลขเรียก/บาร์โค้ด สถานที่ สถานะ
1. การศึกษาทั่วไป
การศึกษาทั่วไป
H62 D272i ฉ.1 
  Barcode: 000206
ห้องสมุดวิทยาเขตสวรรค์ประชารักษ์
►หนังสือทั่วไป
บนชั้น

รายการใกล้เคียง
    หัวเรื่อง [Social sciences--Methodology.]

BibComment


ยังไม่เคยถูกคอมเมนท์

คอมเมนท์ทรัพยากรรายการนี้
  คอมเมนท์: Introduction to ..


 Copyright 2026. Bcnsprnw @Library